Eléments de psychologie physiologique : tome premier /
Contiene: I. Las bases corporales de la vida del alma: 1) Desarrollo orgánica de las funciones psíquicas, 2) Estructura del sistema nervioso, 3) Desarrollo de la forma de los centros nerviosos, 4) Curso de las vías nerviosas conductoras, 5) Función fisiológica del sistema nervioso central, 6) Mecáni...
Guardat en:
| Autor principal: | |
|---|---|
| Format: | Llibre |
| Idioma: | francès |
| Matèries: | |
| Etiquetes: |
Sense etiquetes, Sigues el primer a etiquetar aquest registre!
|
MARC
| LEADER | 00000nam^a2200000^a^4500 | ||
|---|---|---|---|
| 001 | 000378017 | ||
| 005 | 20260526091939.0 | ||
| 009 | 20260526142634.003 | ||
| 037 | |a Acervo Xavier Clavigero | ||
| 041 | |a FRA | ||
| 082 | |a 612. 8 |b WUN V. 1 | ||
| 100 | |a Wundt, Wilhelm |e (autor) | ||
| 245 | 1 | 0 | |a Eléments de psychologie physiologique : |b tome premier / |c W. Wundt. |
| 264 | |a París, Francia : |b Félix Alcan, |c 1886, c1886 | ||
| 300 | |a XXXII, 565 p. ; |c 23.0 cm. | ||
| 336 | |a texto |b txt |2 rdacontenido | ||
| 337 | |a sin mediación |b n |2 rdamedio | ||
| 338 | |a volumen |b nc |2 rdasoporte | ||
| 500 | |a Traducción de: Grundzüge der physiologischen Psychologie | ||
| 520 | |a Contiene: I. Las bases corporales de la vida del alma: 1) Desarrollo orgánica de las funciones psíquicas, 2) Estructura del sistema nervioso, 3) Desarrollo de la forma de los centros nerviosos, 4) Curso de las vías nerviosas conductoras, 5) Función fisiológica del sistema nervioso central, 6) Mecánica fisiológica de las fibras nerviosas; II. De las sensaciones: 7) Origen y propiedades generales de las sensaciones, 8) Intensidad y mesura de las sensaciones, 9) Cualidad de las sensaciones y de la sensibilidad, 10) Sensación del tacto. | ||
| 561 | |a Ex libris de Roberto Jofre, Médico-cirujano, 1894 | ||
| 561 | |a Ex libris de Domus Maior JHS, Mexici | ||
| 561 | |a Ex libris de Instituto de Literatura Puente Grande, Jal. | ||
| 561 | |a Ex libris de Bibl. Iunioratus Dom. Prob. S. Ioseph | ||
| 561 | |a Ex libris de Bibliotheca Collegii Maximi Prov. Mexicanae, S.J. | ||
| 562 | |a Falta cubierta | ||
| 585 | |a Visita guiada a Libros Antiguos y Raros: 2026-05-12: Psicología (Licenciatura): Acreditación | ||
| 590 | |a Traducción de la 2a edición en alemán | ||
| 649 | |a XX | ||
| 650 | |a Nervios | ||
| 650 | |a Cerebro | ||
| 650 | |a Médula Espinal | ||
| 650 | |a Sistema Nervioso Vasomotor | ||
| 650 | |a Sistema Nervioso Central | ||
| 650 | |a Sistema Nervioso | ||
| 650 | |a Gusto (Sentido) | ||
| 650 | |a Olfato | ||
| 650 | |a Vista | ||
| 650 | |a Oído | ||
| 650 | |a Tacto | ||
| 650 | |a Emoción | ||
| 650 | |a Sentimientos | ||
| 650 | |a Sentidos y Sensaciones | ||
| 650 | |a Percepción | ||
| 650 | |a Psicología Fisiológica - |x Tema Principal | ||
| 650 | |a Ciencias Médicas | ||
| 910 | |a Fondo General | ||
| 920 | |a Impresos - Libros | ||
| 930 | |a Libros Antiguos y Raros | ||
| 905 | |a 108 | ||
| 901 | |a 0500097316 |b IT2 |c LRA |u 20250526 | ||
| 902 | |a https://opac.biblio.iteso.mx/vufind/Record/000378017 | ||